| 000 | 00551nam a22001817a 4500 | ||
|---|---|---|---|
| 005 | 20251108165207.0 | ||
| 008 | 250721s2006 xx 000 0 ara d | ||
| 082 | 1 | 4 | _aط/599.755/عال |
| 245 | 1 | 0 | _aكل شئ عن الأسود / |
| 264 | 1 |
_aبيروت : _bالدار العربية للنشر و التوزيع، _c2006. |
|
| 300 | _a28ص. | ||
| 490 | 0 | _aعالم الحيوان | |
| 650 | 1 | 7 | _aالحيوانات |
| 650 | 1 | 7 | _aالاسود |
| 653 | _aاطفال مرحله متوسطه (6-9)سنوات | ||
| 942 |
_2ddc _cBK |
||
| 999 |
_c21791 _d21791 |
||